The Only Clash Royale Card ... 3 - Statistics

General Stats
  • This quiz has been taken 899 times
  • The average score is 8 of 15
Answer Stats
The only Clash Royale card that... Card % Correct
generates Elixir for the player that uses it Elixir Collector
91%
carries two troops on its back Goblin Giant
89%
can attack a Princess Tower from your side of the arena, and dies to Log Princess
89%
is unlocked in Training Camp, but targets only buildings Giant
88%
costs 9 Elixir Three Musketeers
83%
allows you to play duplicates of a card in a row Mirror
80%
can't be damaged when it's inactive Tesla
70%
gets one-shot by a Balloon Tombstone
63%
deals a 360 attack after it connects to whatever it charges at Dark Prince
48%
deals extra damage to buildings Earthquake
43%
can shoot every 0.3 seconds X-Bow
42%
has a handlebar mustache too hot for TV Ice Wizard
22%
is a dead version of another card, yet has a bigger hitbox than it Skeleton Dragons
15%
deals extra damage to Crown Towers Giant Skeleton
14%
when used, its remnants can be used for espionage Royal Delivery
2%
No matching quizzes found
Score Distribution
Percent of People with Each Score
Percentile by Number Answered
Your Score History
You have not taken this quiz